000 01251nam a2200325 a 4500
001 000034834
005 20200930073931.0
008 111020s1960 ag 000 0 spa d
040 _aDO-SdBNP
_bspa
_cBNPHU
082 _a612.821
_bC496f, 1960
100 1 _aChauchard, Paul,
_d1912-2003
_939755
240 1 0 _aPhysiologie de la conscience
_lespañol
245 1 0 _aFisiología de la conciencia /
_cPaul Chauchard ; traducción Emma Kestelboim.
250 _a3a ed.
260 _aBuenos Aires :
_bPaidós,
_c1960.
300 _a140 p. :
_bil. ;
_c17 cm.
490 1 _aQue Sais-Je?
_v333
490 1 _aBiblioteca del hombre dominicano
_v41
500 _aTraducido del inglés.
504 _aIncluye referencias bibliográficas y notas al pie de las página.
504 _aBibliografía: p. [138]-140
590 _aPerteneció a la biblioteca personal de Juan Isidro Jimenes Grullón
650 4 _aCerebro
_xFisiología
_960355
650 4 _aConciencia (psicología)
_xAspectos fisiológicos
_960356
650 4 _aSueños
_xAspectos fisiológicos
_960357
700 1 2 _aKestelboim, Emma,
_etr.
_960358
830 0 _aBiblioteca del hombre dominicano
_v41
_960359
830 0 _aQue Sais-Je?
_v333
_960360
910 _aValidado. Control de calidad BNPHU
999 _c34325
_d34325